000 00694nam a22002417a 4500
003 UA-OsUOA
001 44756
007 ta
008 20070312b un ||||| |||| 00| 0 ukr d
100 _aРомашко О.Ю.
090 _a339.1(075.8)
_bР69
942 _cBK
040 _aUA-OsUOA
_bukr
_cUA-OsUOA
_dUA-OsUOA
245 _aРегулювання міжнародних фондових ринків
_bНавч. посібник
300 _a240 с.
955 _a2
041 _aukr
080 _a339.1(075.8)
020 _a966-574-119-5
260 _aК.
_bКНЕУ
_c2000
650 7 _a339.1 Загальні питання торгівлі. Ринок
_2UDC
999 _c330879
_d330879